[Event "17th Asian Continental-ch Open 2018"]
[Site "Makati City"]
[Date "2018.12.14"]
[Round "5.28"]
[White "Montoya, Edsel"]
[Black "Priasmoro, Novendra"]
[Result "1-0"]
[WhiteElo "2312"]
[BlackElo "2483"]
[Annotator "TA"]
[PlyCount "197"]
[EventDate "2018.12.07"]
[EventType "swiss"]
[EventRounds "9"]
[EventCountry "PHI"]

{[%evp 20,197,20,0,62,62,67,50,60,49,51,40,70,71,76,82,79,88,134,133,144,112,165,168,172,164,157,145,226,215,203,198,217,207,285,272,334,351,397,327,350,331,504,501,487,346,379,329,362,368,367,350,405,410,408,391,419,104,110,109,109,109,109,95,104,97,139,84,84,84,100,97,100,100,100,74,74,74,76,73,74,72,100,100,125,112,116,78,125,78,134,78,100,100,132,74,134,78,112,0,134,78,132,100,100,48,100,50,90,41,89,66,83,30,85,62,100,20,20,8,16,8,8,8,45,16,16,16,91,69,70,16,18,14,22,8,8,8,10,8,22,0,45,45,45,45,54,54,54,54,52,52,56,56,62,62,70,70,70,70,70,70,731,54,54,0,618,68,29983,29984,29980,29981,29991,29992,29992,29991,29991,29992,29992,29989]} 1. c4 Nf6 2. Nf3 g6 3. g3 Bg7 4. Bg2 O-O 5. O-O d6 6. d4 Nbd7 7. Nc3 e5 8. e4 exd4 9. Nxd4 Re8 10. Re1 Nc5 11. f3 {LiveBook: 17 Games} Bd7 {E68: King's Indian: Fianchetto: 6...Nbd7 7 0-0 e5 8 e4} (11... Nfd7 $11) (11... c6 12. b4 Ne6 13. Be3 a5 14. b5 Qc7 15. Rc1 Nc5 16. Qd2 Nfd7 17. f4 Nb6 18. Qe2 Bd7 19. Qf1 {1-0 (35) Matlakov,M (2694)-Grigoriants,S (2563) Tallinn 2016}) 12. Be3 $14 a6 13. Qd2 Rb8 {White is slightly better.} 14. Bf1 Qc8 $146 ({Predecessor:} 14... Ne6 15. a4 a5 16. Rad1 Nh5 17. Nde2 Bc6 18. Bh3 Nc5 19. Qc2 {1-0 (44) Bergraser,V-Atabek,F France 1981}) 15. b4 Ne6 16. Rac1 h5 17. Nb3 Nh7 18. Red1 Nhf8 19. Bg2 b6 20. Nd5 Ba4 (20... Nh7 $16) 21. f4 $1 $18 {[%cal Rf4f5] Strongly threatening f5.} Nh7 22. Rf1 Bxb3 23. axb3 Nef8 (23... c6 $16) 24. c5 bxc5 25. bxc5 dxc5 26. Bxc5 Qd8 27. Rfd1 {Black must now prevent Ne7+!} Kh8 28. Qa2 Ne6 29. Bf2 c5 30. e5 (30. Qxa6 Nf6 $18) 30... Qc8 {[#]} (30... a5 {was called for.} 31. Nf6 Bxf6 32. Rxd8 Bxd8) 31. b4 $1 {[%mdl 512]} Bf8 (31... cxb4 32. Rxc8) 32. Bf1 Qc6 33. Bxa6 Red8 34. Bf1 {[%cal Ba6f1,Bf1g2,Bg2c6][%mdl 32]} Ra8 35. Qc4 Ra4 36. Bg2 Qe8 37. Qc2 cxb4 38. Nf6 $2 (38. Nc7 $18 {is the precise move to win.} Nxc7 39. Rxd8 {[%mdl 64] Overworked Piece} (39. Qxc7 Rxd1+ 40. Rxd1 b3 $18) 39... Qxd8 40. Qxa4) 38... Nxf6 $16 39. Bc6 {[#]} Ra2 $1 {[%mdl 512]} 40. Qxa2 Rxd1+ 41. Rxd1 Qxc6 42. exf6 Qc3 43. Qd2 (43. f5 $142 gxf5 44. Qe2) 43... Qxf6 44. Qd5 Kg8 45. Qe5 Qxe5 46. fxe5 {[%mdl 4096] Endgame KRB-KBN} Bg7 47. Rb1 Bxe5 48. Rxb4 Kg7 49. Kg2 g5 50. Kf3 Kg6 51. Ke4 Bc3 52. Rc4 Bb2 53. Rc8 Bf6 54. Be3 Bg7 (54... g4 $142 55. Rg8+ Bg7) 55. Rb8 (55. h3 $142) 55... Bf8 56. Rb7 Bg7 57. Kd5 (57. h3 $142) 57... Bf8 (57... g4 $142 58. Ke4 Bf6) 58. Ra7 ({White should play} 58. h3) 58... Bg7 59. Rb7 Bf8 $1 60. Rb1 (60. h3 $142) 60... Ba3 (60... g4 $142 61. Rb6 Be7) 61. Rf1 Bb2 62. Kd6 (62. Rf2 $16 Bf6 63. Ra2) 62... Ba3+ (62... Ng7 $14) 63. Kd7 Bb4 64. Bb6 Ba3 65. Ba5 Bb2 66. Bb4 (66. Kc6 $16) 66... Bd4 (66... g4 $11) 67. Ke7 Nc7 68. Bd2 (68. Kd6 $16 Ne8+ 69. Kd5) 68... Nd5+ $11 69. Kd8 Nf6 70. Re1 Ng4 71. Re2 Nf6 72. Kc7 Kf5 73. Kd6 Kg6 (73... Kg4 $11 {remains equal.}) 74. Bc1 Kf5 75. Ra2 (75. Bb2 $14 Bxb2 76. Rxb2) 75... Ne4+ 76. Kc6 Bf2 77. Kd7 Kg4 78. Ke7 f5 79. Ke6 Bg1 80. Ke5 Nc5 81. h3+ Kxh3 {Threatening ...Kg4.} 82. Kxf5 Kxg3 83. Ra3+ ({Don't take} 83. Kxg5 $6 Kf3 $16) 83... Kg2 84. Kxg5 Ne4+ 85. Kxh5 Bf2 86. Kg4 {aiming for Ra2.} Nf6+ 87. Kf5 Nd5 88. Bd2 Nb6 89. Bf4 Nd5 90. Bg5 {Ke4 is the strong threat.} Nb6 $2 {[%mdl 8192]} (90... Be1 $14 91. Rd3 Nb6) 91. Ra2 $2 ({Only move:} 91. Ke4 $1 $18) 91... Kf3 $14 92. Ra3+ $2 {[%mdl 8192]} (92. Rd2 $14) 92... Kg2 $18 {[#]} 93. Ke4 $1 Nc4 $2 {[%mdl 8192] [#]} (93... Nd7 $14 94. Be7 Nc5+ 95. Kd5 Nd7) 94. Ra2 $1 {White mates.} Kg1 95. Bf4 Kf1 96. Kf3 Be1 97. Ra1 Nb2 98. Bd2 {[%csl Gd2][%cal Ra1e1]} Nd3 99. Ke3 {Accuracy: White = 51%, Black = 38%.} 1-0

[Event "17th Asian Continental-ch Open 2018"]
[Site "Makati City"]
[Date "2018.12.14"]
[Round "5.29"]
[White "Pangilinan, Stephen Rome"]
[Black "Cuhendi, Sean Winshand"]
[Result "0-1"]
[WhiteElo "2276"]
[BlackElo "2429"]
[Annotator "TA"]
[PlyCount "138"]
[EventDate "2018.12.07"]
[EventType "swiss"]
[EventRounds "9"]
[EventCountry "PHI"]

{[%evp 21,138,-51,-21,-33,-15,-15,-20,-45,-2,-18,-8,-38,-7,-14,1,-63,-11,-32,-7,-14,-24,-20,-12,-79,-74,-66,-70,-81,-82,-104,-104,-112,-106,-106,-110,-99,-99,-157,-151,-150,-156,-200,-150,-150,-150,-150,-150,-150,-150,-177,-150,-150,-150,-157,-157,-174,-75,-597,-597,-762,-677,-641,-334,-995,-985,-849,-697,-4919,-4326,-2462,-14,-2150,-2131,-4938,-4012,-29969,-29972,-29973,-29974,-29974,-29972,-29971,-29972,-29972,-29972,-29972,-29973,-29973,0,-29971,-29972,-29971,-29972,-29970,-29961,-29974,-29977,-29976,-29978,-29978,-29979,-29979,-29980,-29980,-29981,-29981,-29982,-29982,-29983,-29983,-29984,-29985,-29986,-29986,-29987,-29987,-29988,-29988,-29989]} 1. b3 e5 2. Bb2 Nc6 3. e3 Nf6 4. c4 d5 5. cxd5 Nxd5 6. a3 Bd6 7. Nc3 {A01: Nimzowitsch-Larsen Opening} (7. d3 O-O 8. Nf3 Qe7 9. b4 a5 10. b5 Na7 11. d4 e4 12. Ne5 Be6 13. Nd2 f6 14. Nec4 f5 15. Nxd6 cxd6 {0-1 (23) Sviridov,V (2513)-Motylev,A (2659) Yaroslavl 2018}) 7... Nxc3 8. Bxc3 O-O 9. Bc4 Qe7 10. b4 Be6 11. Qb3 $146 ({Predecessor:} 11. d3 Rad8 12. Bxe6 Qxe6 13. Nf3 Rfe8 14. Qc2 f6 {1-0 (63) Ruiz Ruiz,L (2069)-Prohens Lopez,A (1673) Eivissa 2015}) 11... Bxc4 {LiveBook: 3 Games} 12. Qxc4 a5 {[%cal Ra5b4]} 13. b5 {[#]} Nd4 $1 {[%mdl 512] aiming for ...Nc2+.} 14. Bb2 (14. Bxd4 exd4) 14... Qg5 15. Kf1 $1 {And now h4 would win.} Ne6 16. h4 Qe7 17. Nf3 Rad8 18. Rd1 (18. a4 $11) 18... Nc5 (18... Bxa3 $15 19. Bc3 Qc5 20. Nxe5 Bb4 21. Bxb4 axb4 22. Qxc5 Nxc5) 19. d4 $11 exd4 20. Rxd4 Ne6 21. Rd3 Bc5 22. Ng5 (22. a4 $11 {remains equal.}) 22... Nxg5 $17 23. hxg5 Qxg5 24. Rh3 Qf5 $36 {[%mdl 2048] Keeping White busy.} 25. Rg3 g6 $1 (25... Qxd3+ $2 {too greedy.} 26. Qxd3 Rxd3 27. Rxg7+ Kh8 28. Rxf7+ Kg8 29. Rg7+ Kh8 30. Rxc7+ Bd4 31. Bxd4+ Rxd4 32. exd4 $18) 26. Ke2 Rxd3 27. Qxd3 Qxd3+ 28. Kxd3 {[%mdl 4096] Endgame KRB-KRB} Rd8+ 29. Kc4 ({White should play} 29. Kc2) 29... Rd2 30. Bc3 Rc2 31. e4 Bd6 32. Kb3 Bxg3 33. Kxc2 Bxf2 34. Bxa5 {KB-KB} Bg3 35. Bc3 Kf8 36. a4 b6 $1 37. a5 bxa5 38. Bxa5 Kg7 (38... Ke7 $19 39. Kd3 h5) 39. b6 $2 {[%mdl 8192]} (39. Kd3 $17 {stays breathing.}) 39... cxb6 $19 40. Bxb6 Kh6 41. Kd3 Kh5 42. Kc4 $2 (42. Ke2) 42... Kg4 43. Kd5 Be1 44. Kd6 {intending Ke7.} Bb4+ 45. Kd7 Bc3 $2 (45... Kf4 $19 {White must now prevent ...Bc3.} 46. Ke8 Kxe4 47. Kxf7 Kf5) 46. Ke7 $2 {[%mdl 8192]} (46. Bc7 $11) 46... f6 {[%cal Bf7f6,Bf6f5][%mdl 32]} 47. Kf7 {[#]} f5 $1 {[%cal Rf5e4]} 48. exf5 Kxf5 49. Kg8 h5 50. Kh7 Bd2 51. Bd8 Be3 52. Be7 Bf4 53. Bd8 Bg3 54. Kh6 Bf4+ 55. Kh7 $1 Bg5 {Black mates.} 56. Bb6 Be7 57. Bf2 Bf8 58. Kg8 Bd6 59. Kh7 g5 {[%cal Bg6g5,Bg5g4,Bg4h3][%mdl 32]} 60. Kh6 h4 61. Kh5 {[#]} Bg3 $1 62. Be3 g4 63. Bc5 h3 64. gxh3 gxh3 65. Bg1 Kf4 66. Bh2 Kf3 ({And not} 66... Bxh2 67. Kh4 $11) 67. Bg1 Bf2 68. Bh2 Kg2 69. Bf4 Bg3 {Accuracy: White = 36%, Black = 66%.} 0-1

[Event "17th Asian Continental-ch Open 2018"]
[Site "Makati City"]
[Date "2018.12.14"]
[Round "5.30"]
[White "Docena, Jerad"]
[Black "Gong, Daniel Hanwen"]
[Result "1-0"]
[WhiteElo "2426"]
[BlackElo "2270"]
[Annotator "TA"]
[PlyCount "101"]
[EventDate "2018.12.07"]
[EventType "swiss"]
[EventRounds "9"]
[EventCountry "PHI"]

{[%evp 21,101,-60,-60,-91,-60,-59,-56,-60,-55,-42,22,25,27,33,27,0,0,0,30,33,41,48,48,48,56,56,58,45,97,98,90,100,91,72,93,95,95,62,76,91,92,61,64,56,56,60,166,158,207,188,204,172,164,172,157,160,213,199,222,221,393,391,569,547,752,749,614,575,4951,4950,4606,4606,2133,2143,1216,918,4574,4574,2095,2081,29992,11581]} 1. e4 c6 2. d4 d5 3. exd5 cxd5 4. c4 Nf6 5. Nc3 Nc6 6. Bg5 Be6 7. Nf3 g6 8. Bxf6 exf6 9. a3 {B13: Caro-Kann: Exchange Variation and Panov-Botvinnik Attack} Bg7 10. Be2 O-O 11. O-O f5 {LiveBook: 3 Games} 12. Rb1 $146 ({Predecessor:} 12. Rc1 Rc8 13. b4 a6 14. c5 g5 15. b5 axb5 16. Bxb5 g4 17. Bxc6 bxc6 {0-1 (47) Svidler,P (2751)-Kulaots,K (2571) Tallinn 2016}) 12... Rc8 (12... dxc4 13. d5 $11) 13. c5 Qf6 {[%cal Rc6d4]} 14. b4 a6 15. Na4 Nxd4 (15... Rcd8 $15) 16. Nxd4 $11 Qxd4 17. Qxd4 Bxd4 18. Rfd1 Be5 19. Nb6 Rc7 20. Nxd5 Bxd5 21. Rxd5 Re8 22. Bf3 Bc3 23. g3 Kg7 24. Kg2 Rb8 (24... Bf6 $14) 25. Rd6 $16 Ra8 26. Rb3 Be5 27. Rd5 (27. Rb6 {keeps more tension.} Ra7 28. Re3 Bd4 29. Re2 a5 30. Rd6) 27... Bf6 28. Rbd3 Re8 29. Kf1 Bb2 30. Rd7 $36 {[%mdl 2048] White has strong initiative.} Re7 31. Rxc7 Rxc7 {[%mdl 4096] Endgame KRB-KRB} 32. Ke2 Kf6 33. Kd2 Ke5 ({Better is} 33... Be5 $14) 34. Bg2 {aiming for Kc2.} a5 35. f4+ Kf6 36. Rb3 Bd4 37. Kd3 $1 {[%cal Rd3d4]} ({And not} 37. bxa5 Rxc5 38. Bxb7 (38. Rxb7 Rxa5 39. Bf1 Rxa3 $15) 38... Rxa5 $11) 37... Bg1 {[#]} 38. Kc4 $1 (38. bxa5 Rxc5 39. Bxb7 Rxa5 $15) 38... axb4 (38... Ke7 $16 39. Kb5 (39. bxa5 Rxc5+ {[%mdl 64] Double Attack} 40. Kb4 Rc7 $11) 39... Kd8 40. Kxa5 Re7) 39. axb4 $18 b6 40. c6 Bxh2 $2 (40... Ke7 41. h3 Kd8) 41. Kd5 Ke7 (41... Rc8 $142 42. Kd6 Rd8+ 43. Kc7 Rd2) 42. Re3+ Kd8 {[#]} 43. Kd6 $1 Ra7 44. Rc3 Kc8 45. c7 {Threatening mate with Re3.} Bxg3 46. Rxg3 {White threatens Re3 and mate.} Rxc7 {KRB-KR} 47. Re3 {[%cal Re3e8]} Rd7+ 48. Kc6 Rc7+ 49. Kxb6 Rc4 50. b5 Rxf4 51. Bc6 {Accuracy: White = 82%, Black = 37%.} (51. Rd3 $142 Re4 52. Rc3+ Kd7 53. Bxe4 Kd6 54. Rd3+ Ke5 55. Bc6 Kf4 56. Kc5) 1-0

[Event "17th Asian Continental-ch Open 2018"]
[Site "Makati City"]
[Date "2018.12.14"]
[Round "5.31"]
[White "Young, Angelo"]
[Black "Schain, Randolph"]
[Result "1-0"]
[WhiteElo "2282"]
[BlackElo "2229"]
[PlyCount "58"]
[EventDate "2018.12.07"]
[EventType "swiss"]
[EventRounds "9"]
[EventCountry "PHI"]
[TimeControl "40/5400+30:1800+30"]

1. d4 Nf6 2. Nf3 g6 3. c4 Bg7 4. Nc3 O-O 5. Bg5 d6 6. e3 c5 7. Be2 Nc6 8. d5 Ne5 9. Nxe5 dxe5 10. e4 Ne8 11. h4 h6 12. Be3 b6 13. Qd2 Kh7 14. g3 Nd6 15. O-O-O a6 16. h5 g5 17. f4 exf4 18. gxf4 g4 19. Bd3 f5 20. e5 Nb7 21. Kb1 e6 22. Qg2 Kh8 23. dxe6 Rb8 24. Bxf5 Qe8 25. Bxg4 Bxe6 26. Rhg1 Rg8 27. Bxe6 Qxe6 28. Qg6 Qh3 29. Rg3 Qh4 1-0

[Event "17th Asian Continental-ch Open 2018"]
[Site "Makati City"]
[Date "2018.12.14"]
[Round "5.32"]
[White "Bai, Adelard"]
[Black "Orio, Rogelio L."]
[Result "1-0"]
[WhiteElo "2100"]
[BlackElo "1791"]
[PlyCount "119"]
[EventDate "2018.12.07"]
[EventType "swiss"]
[EventRounds "9"]
[EventCountry "PHI"]
[TimeControl "40/5400+30:1800+30"]

1. d4 d6 2. e4 Nf6 3. Nc3 g6 4. f4 Bg7 5. Nf3 c5 6. d5 a6 7. a4 O-O 8. Be2 Nbd7 9. O-O Rb8 10. a5 b5 11. axb6 Rxb6 12. Nd2 Nb8 13. Nc4 Rb4 14. Bd2 Qc7 15. e5 Ng4 16. Ne4 f5 17. Bxb4 cxb4 18. exd6 exd6 19. Nexd6 Qc5+ 20. Kh1 Nf2+ 21. Rxf2 Qxf2 22. Nxc8 Rxc8 23. Nd6 Rd8 24. Nb7 Rd7 25. d6 Bxb2 26. Rb1 Bc3 27. Qd5+ Kg7 28. Bc4 Qxf4 29. Nc5 Qxd6 30. Qg8+ Kh6 31. Nxd7 Nxd7 32. Qd8 Bf6 33. Qa5 Bc3 34. Qxa6 Qd2 35. Qe6 Ne5 36. Bb3 Ng4 37. h3 Nf2+ 38. Kh2 Ne4 39. Rf1 Ng5 40. Qe7 Qd4 41. Qf8+ Kh5 42. Qe7 Kh6 43. Qe2 Qd6+ 44. g3 Ne4 45. Qe3+ Kg7 46. Kg2 Bd4 47. Qd3 Qe5 48. Rd1 Bc5 49. Re1 h5 50. Bd5 Qc3 51. Qxc3+ Nxc3 52. Bc6 Kf6 53. h4 Bd6 54. Kf3 g5 55. hxg5+ Kxg5 56. Re6 Bc7 57. Be8 f4 58. Rc6 Bb8 59. gxf4+ Kf5 60. Bg6# 1-0

[Event "17th Asian Continental-ch Open 2018"]
[Site "Makati City"]
[Date "2018.12.15"]
[Round "6"]
[White "Wei, Yi"]
[Black "Le, Quang Liem"]
[Result "1/2-1/2"]
[WhiteElo "2728"]
[BlackElo "2714"]
[Annotator "TA"]
[PlyCount "64"]
[EventDate "2018.12.07"]
[EventType "swiss"]
[EventRounds "9"]
[EventCountry "PHI"]
[SourceTitle "playchess.com"]
[Source "ChessBase"]
[SourceQuality "1"]

{[%evp 20,64,30,27,27,26,26,25,33,32,25,28,33,7,7,8,7,8,22,6,27,14,10,0,0,0,0,0,4,0,0,0,0,0,0,0,10,0,0,-22,-35,-28,-16,-16,-16,-15,0]} 1. Nf3 Nf6 2. c4 b6 3. g3 Bb7 4. Bg2 c5 5. O-O g6 6. Nc3 Bg7 7. d4 cxd4 8. Qxd4 Nc6 {[%cal Bb8c6,Bc6d8,Bd8e6][%mdl 32]} 9. Qf4 Qb8 10. Rd1 {A30: Symmetrical English: Double Fianchetto and Hedgehog} Qxf4 11. Bxf4 {LiveBook: 6 Games} Nd8 12. Rac1 {White has an edge.} Ne6 13. Be3 d6 14. b3 Ng4 15. Bd2 Rc8 {[#]} 16. Ng5 $146 ({Predecessor:} 16. Nd5 Nf6 17. Bc3 Nxd5 18. Bxg7 Nxg7 19. cxd5 {1-0 (52) So,W (2822)-Ashwin,J (2492) chess.com INT 2017}) 16... Bxg2 17. Nxe6 fxe6 18. Kxg2 Nf6 19. Be3 Kf7 20. f4 Nd7 21. Bd4 (21. Ne4 {keeps more tension.} h6 22. Bd2 e5 23. e3 Nc5 24. Nf2) 21... Bxd4 22. Rxd4 a6 23. Ne4 h6 24. Nf2 Rc5 25. Nd3 Ra5 26. a4 Rc8 27. Ra1 b5 28. cxb5 axb5 29. Ne5+ dxe5 30. Rxd7 bxa4 31. Rxa4 Rxa4 32. bxa4 Ra8 {Accuracy: White = 56%, Black = 70%.} 1/2-1/2

[Event "17th Asian Continental-ch Open 2018"]
[Site "Makati City"]
[Date "2018.12.15"]
[Round "6"]
[White "Vidit, Santosh Gujrathi"]
[Black "Ganguly, Surya Shekhar"]
[Result "1-0"]
[WhiteElo "2701"]
[BlackElo "2621"]
[Annotator "TA"]
[PlyCount "93"]
[EventDate "2018.12.07"]
[EventType "swiss"]
[EventRounds "9"]
[EventCountry "PHI"]
[SourceTitle "playchess.com"]
[Source "ChessBase"]
[SourceQuality "1"]

{[%evp 15,93,0,5,0,13,8,8,0,0,-3,6,14,29,20,33,30,86,0,0,0,0,0,8,7,52,51,49,43,61,50,53,56,46,51,61,98,85,110,106,107,111,75,185,88,108,101,109,117,150,121,87,68,97,95,85,66,75,15,16,21,60,79,184,90,220,175,370,340,361,351,624,609,575,556,1517,1039,1853,1770,2425,2325]} 1. d4 Nf6 2. c4 e6 3. Nc3 Bb4 4. Qc2 O-O 5. a3 Bxc3+ 6. Qxc3 d5 7. Bg5 c5 {E36: Nimzo-Indian: Classical: 4...d5 5 a3} 8. dxc5 d4 {LiveBook: 45 Games} 9. Qf3 Nbd7 {The position is equal.} 10. e3 h6 11. Bxf6 $1 Nxf6 12. O-O-O e5 13. Ne2 $1 {[%cal Re3d4] [#]} d3 $146 ({Predecessor:} 13... Bg4 14. Qg3 d3 15. f3 {½-½ (76) Riazantsev,A (2654)-Inarkiev,E (2707) Geneva 2017}) 14. Nc3 Bg4 15. Rxd3 Qa5 (15... Qxd3 $11 16. Bxd3 Bxf3 17. gxf3 Rfc8) 16. Qg3 (16. Qxb7 $16 {aiming for Qb5.} Rab8 17. Qc6) 16... Qxc5 $11 17. e4 Be6 18. Rd2 Rfd8 19. Qe3 Qc6 20. f3 Rxd2 21. Qxd2 Rc8 22. Kb1 Bxc4 23. Bxc4 Qxc4 24. Qd6 Qe6 25. Qxe6 fxe6 $14 {[%mdl 4096] Endgame KRN-KRN} 26. Nb5 Rd8 27. Nxa7 Rd2 28. Nb5 b6 (28... Rxg2 $16 29. Nd6 Rf2) 29. g3 (29. a4 $18 {has better winning chances.}) 29... Rf2 30. Nd6 Rxf3 31. Rc1 Nd7 32. Rc6 Re3 33. Ka2 Re2 34. Nc8 Rxe4 35. Rxe6 Rd4 36. b4 (36. Kb1 $16) 36... Kf7 $11 37. Rc6 e4 38. Rd6 Rd3 {[#]} (38... Rxd6 $16 39. Nxd6+ Ke6 40. Nxe4 Kd5) 39. Kb2 (39. Rxd3 $1 $18 {is more deadly.} exd3 40. Kb3) 39... Ne5 (39... Rxd6 $16 40. Nxd6+ Ke6 41. Nxe4 Kd5) 40. Rxd3 $18 exd3 $2 (40... Nc4+ 41. Kc2 exd3+ 42. Kxd3 Nxa3 43. Nxb6 Ke6) 41. Nxb6 {KN-KN} Ke6 42. Kc3 Kf5 $2 (42... g6 43. a4 Kd6) 43. a4 {[%cal Ba3a4,Ba4a5,Ba5a6][%mdl 32] White is clearly winning.} Ke4 44. a5 {[#] And now b5 would win.} g5 45. Na4 Ke3 46. Nb2 d2 47. a6 {Accuracy: White = 70%, Black = 46%.} 1-0

[Event "17th Asian Continental-ch Open 2018"]
[Site "Makati City"]
[Date "2018.12.15"]
[Round "6"]
[White "Sethuraman, S.P."]
[Black "Wen, Yang"]
[Result "1-0"]
[WhiteElo "2664"]
[BlackElo "2604"]
[Annotator "TA"]
[PlyCount "83"]
[EventDate "2018.12.07"]
[EventType "swiss"]
[EventRounds "9"]
[EventCountry "PHI"]
[SourceTitle "playchess.com"]
[Source "ChessBase"]
[SourceQuality "1"]

{[%evp 17,83,26,40,2,31,20,20,18,20,20,12,22,47,38,67,78,69,77,73,73,81,62,54,43,97,67,102,102,151,147,152,153,199,173,304,293,304,281,300,283,368,306,349,345,377,381,365,355,416,345,425,418,399,373,379,383,393,389,878,871,854,856,850,832,836,928,859,839]} 1. e4 e5 2. Nf3 Nc6 3. Bc4 Nf6 4. d3 Bc5 5. O-O O-O 6. Bg5 {[%cal Bc1g5,Bg5h4,Bh4g3,Bg3h2][%mdl 32]} h6 7. Bh4 Be7 {[%cal Bc5e7,Be7g5,Bg5f4][%mdl 32] C50: Hungarian Defence and Giuoco Pianissimo} 8. Bg3 d6 9. a4 a5 {LiveBook: 8 Games. White has an edge.} 10. c3 g6 11. h3 Nh5 12. Bh2 Bg5 13. Na3 {[%cal Bb1a3,Ba3c4,Bc4e3,Be3d5,Bd5b6][%mdl 32]} Bf4 {[#]} 14. d4 $146 Qe7 15. Re1 $36 {[%mdl 2048] White has the initiative.} Kg7 16. g3 Bg5 17. Bf1 Kh7 18. Nc4 Ng7 19. Qc2 Bf6 {[%cal Re5d4]} 20. Rad1 Ne8 (20... exd4 $14 21. Nxd4 (21. cxd4 Ne6 $11) 21... Bd7) 21. Ne3 Bg7 22. Nd5 Qe6 {[#]} 23. g4 $1 exd4 24. Nxd4 Nxd4 25. cxd4 c6 (25... Qd7 {might work better.} 26. Bb5 c6) 26. Nb6 $18 Rb8 27. Qd2 Qe7 28. Qxa5 Qc7 29. Qb4 Qd8 30. e5 {[%cal Be4e5,Be5d6][%mdl 32]} Be6 31. exd6 Nf6 32. Bg2 h5 33. gxh5 Nxh5 34. d5 cxd5 35. Nxd5 Qg5 {Black hopes to continue with ...Bxh3.} 36. h4 Qf5 37. Ne7 Qf6 $2 {[#]} (37... Qg4 38. Qxg4 Bxg4) 38. Be5 {White is clearly winning.} Qxe5 39. Rxe5 Bxe5 40. Bd5 Nf4 41. Bxe6 fxe6 42. Qe4 {Precision: White = 91%, Black = 43%.} 1-0

[Event "17th Asian Continental-ch Open 2018"]
[Site "Makati City"]
[Date "2018.12.15"]
[Round "6"]
[White "Yakubboev, Nodirbek"]
[Black "Wang, Hao"]
[Result "0-1"]
[WhiteElo "2556"]
[BlackElo "2730"]
[Annotator "TA"]
[PlyCount "78"]
[EventDate "2018.12.07"]
[EventType "swiss"]
[EventRounds "9"]
[EventCountry "PHI"]
[SourceTitle "playchess.com"]
[Source "ChessBase"]
[SourceQuality "1"]

{[%evp 21,78,20,29,16,24,31,37,35,31,10,12,20,29,0,0,0,0,0,1,-13,-13,-13,-5,-19,-3,-43,-33,-39,-43,-59,-51,-58,-67,-69,-72,-79,-56,-78,-76,-56,-64,-231,-250,-246,-242,-248,-248,-252,-234,-252,-241,-249,-248,-258,-237,-258,-252,-246,-237]} 1. d4 Nf6 2. c4 g6 3. g3 Bg7 4. Bg2 O-O 5. Nc3 d6 6. Nf3 Nc6 7. O-O e5 8. dxe5 dxe5 9. Bg5 Be6 10. Qc1 {E62: King's Indian: Fianchetto: 6...c6 and Panno Variation (6...Nc6) without ...a6} Qc8 (10... Qb8 11. Rd1 Nd7 12. Bh6 f6 13. Bxg7 Kxg7 14. b3 Rf7 15. Qb2 Qf8 16. Rd2 Rd8 17. Rad1 Nb6 18. Rxd8 Nxd8 {½-½ (35) Vidit,S (2721)-Naiditsch,A (2700) Hungary 2017}) 11. Rd1 Re8 {LiveBook: 3 Games} 12. Nd5 {White has an edge.} Nd7 13. Bh6 f6 $146 {[%cal Bf7f6,Bf6f5][%mdl 32]} ({Predecessor:} 13... a5 14. Bxg7 Kxg7 15. Ng5 Nd4 16. Rxd4 exd4 17. Qf4 Bxd5 18. Bxd5 {0-1 (26) Winterberg,L (2372)-Barath,M (2321) Lueneburg 2018}) 14. Bxg7 Kxg7 15. b3 Nd8 16. Nd2 Nf7 17. c5 c6 18. Ne3 f5 19. b4 Nf6 20. Nec4 Bd5 21. f3 Qc7 22. e4 fxe4 23. fxe4 Be6 24. Qc3 Rad8 25. Ne3 Rd4 26. Nc2 $1 {[%cal Rc2d4]} Rd7 $1 {...Red8 is the strong threat.} 27. Nc4 Bxc4 28. Qxc4 Red8 29. Rxd7 Qxd7 30. Rf1 Ng5 31. h4 $2 {[#]} (31. Qc3 $1 $15 Ng4 32. h4) 31... Ngxe4 $1 $19 {[%mdl 512]} 32. Bxe4 {[#] aiming for Qc3.} Qg4 $1 {[%csl LRe4,LRg3]} 33. Qc3 Qxe4 ({Resist} 33... Nxe4 34. Qxe5+ Kg8 35. Ne3) 34. Re1 {[#]} Rd3 $1 {[%cal Rd3c3]} 35. Qxe5 Qxe5 36. Rxe5 Rxg3+ 37. Kf1 {intending Re7+.} Kf7 38. Nd4 Rg4 39. Ne6 Rxb4 {Accuracy: White = 59%, Black = 94%.} 0-1

[Event "17th Asian Continental-ch Open 2018"]
[Site "Makati City"]
[Date "2018.12.15"]
[Round "6"]
[White "Xu, Yi"]
[Black "Ni, Hua"]
[Result "1/2-1/2"]
[WhiteElo "2533"]
[BlackElo "2683"]
[Annotator "TA"]
[PlyCount "62"]
[EventDate "2018.12.07"]
[EventType "swiss"]
[EventRounds "9"]
[EventCountry "PHI"]
[SourceTitle "playchess.com"]
[Source "ChessBase"]
[SourceQuality "1"]

{[%evp 22,62,27,27,19,16,16,29,42,3,17,7,13,12,35,13,15,15,16,19,53,50,57,20,39,6,3,4,4,0,0,0,0,0,0,0,0,0,0,0,8,8,16]} 1. e4 e5 2. Nf3 Nc6 3. Bb5 Nf6 4. O-O Nxe4 5. d4 Nd6 6. dxe5 Nxb5 7. a4 Nbd4 {C67: Ruy Lopez: Berlin Defence: 4 0-0 Nxe4} 8. Nxd4 d6 (8... d5 9. Nxc6 bxc6 10. Nd2 Rb8 11. b3 Bf5 12. Re1 Bb4 13. Ba3 Bxa3 14. Rxa3 O-O 15. Nf1 {0-1 (86) Naiditsch,A (2721)-Kryvoruchko,Y (2695) Batumi 2018}) 9. exd6 Bxd6 10. Re1+ Be7 11. Nxc6 Qxd1 12. Rxd1 {LiveBook: 12 Games} bxc6 13. Bf4 Bf5 14. Na3 Rc8 15. Re1 {[#]} Be6 $146 16. b3 {[%cal Bb2b3,Bb3c4,Bc4c5][%mdl 32]} Bd6 17. Be3 c5 18. Rad1 a6 19. Nc4 Bxc4 20. bxc4 Kd7 21. Bxc5 $1 Rhe8 {[#] Strongly threatening ...Rxe1+.} 22. Rxe8 Rxe8 23. Bxd6 cxd6 $14 {[%mdl 4096] Endgame KR-KR. The position is equal.} 24. c5 d5 25. Rxd5+ Kc6 {[%cal Re8e1] [#]} 26. Rd1 Re4 $1 27. g3 Rxa4 28. Rd6+ Kxc5 29. Rd7 a5 30. Rxf7 Rg4 31. Kf1 a4 {Accuracy: White = 66%, Black = 57%.} 1/2-1/2